000 00701cam a2200241 a 4500
001 23962
003 BD-RJUL
005 20211209001006.0
008 140312s1928 enk 000 0 eng d
035 _a(BD-RJUL)24027
040 _aCLE
_cCLE
_dEQO
_beng
041 _aeng
082 _a843.09
_bASF 1928
100 1 _aAshton, H.
_q(Harry),
_d1882-1952.
_973783
245 1 4 _aThe French novel /
_cH. Ashton.
260 _aLondon :
_bE. Benn. ltd,
_c1928
300 _a80 p. ;
_c16 cm.
650 0 _aFrench fiction
_xHistory and criticism.
_963457
650 0 _aFrench literature
_xHistory and criticism.
_964261
830 0 _v28
_973789
830 0 _aBenn's sixpenny library ;
_973790
942 _2ddc
_cBK
999 _c23962
_d23962